[Event "Frankfurt Ch B 2017"]
[Site "Ffm-Höchst, BiKuZ"]
[Date "2017.05.29"]
[Round "6.20"]
[White "Al-Butmeh, Firas"]
[Black "Misevich, Saveliy"]
[Result "1/2-1/2"]
[WhiteElo "1195"]
[BlackElo "1114"]
[PlyCount "27"]
[EventDate "2017.??.??"]
[WhiteTeam "SV Lahn Limburg"]
[BlackTeam "SC Frankfurt-West"]

1. e4 d6 2. d4 Nf6 3. Nc3 g6 4. Nf3 Bg4 5. h3 Bxf3 6. Qxf3 Bg7 7. Bc4 Nbd7 8.
Bf4 e5 9. dxe5 Nxe5 10. Bxe5 dxe5 11. Rd1 Qe7 12. O-O O-O 13. Rd3 Rad8 14. Rfd1
1/2-1/2

[Event "Frankfurt Ch B 2017"]
[Site "Ffm-Höchst, BiKuZ"]
[Date "2017.05.29"]
[Round "6.21"]
[White "Ratfai, Miksa"]
[Black "Lachmann, Irma"]
[Result "1-0"]
[WhiteElo "1102"]
[BlackElo "739"]
[PlyCount "51"]
[EventDate "2017.??.??"]
[WhiteTeam "SC Bad Soden"]
[BlackTeam "FV Berkersheim"]

1. e4 c5 2. Nf3 Nc6 3. Nc3 d6 4. Bb5 Bd7 5. O-O Nf6 6. d3 Bg4 7. h3 Bh5 8. Re1
e6 9. Bg5 Be7 10. e5 h6 11. exf6 gxf6 12. Bh4 Qc7 13. Ne4 O-O-O 14. Nxf6 Bg6
15. d4 Qb6 16. Bxc6 Qxc6 17. d5 Qb5 18. dxe6 fxe6 19. Rxe6 Bf8 20. Nd5 Re8 21.
Rxg6 Qd7 22. Nf6 Qe6 23. Nxe8 Qxe8 24. Rf6 Bg7 25. Rxd6 Bf8 26. Rd8+ 1-0

[Event "Frankfurt Ch B 2017"]
[Site "Ffm-Höchst, BiKuZ"]
[Date "2017.05.29"]
[Round "6.22"]
[White "Pessotschinski, Lars"]
[Black "Fredershausen, Kurt"]
[Result "0-1"]
[WhiteElo "849"]
[BlackElo "998"]
[PlyCount "46"]
[EventDate "2017.??.??"]
[WhiteTeam "TuS Makkabi"]
[BlackTeam "SC Bad Soden"]

1. e4 c6 2. d4 d5 3. Nc3 dxe4 4. Nxe4 Bf5 5. Bd3 Qxd4 6. Qe2 Qd8 7. Nf3 e6 8.
O-O Be7 9. c4 h6 10. Nh4 Bxh4 11. c5 Be7 12. b4 Nf6 13. Nxf6+ Bxf6 14. Bxf5
Bxa1 15. Re1 O-O 16. Be4 Na6 17. Qg4 f5 18. Qg6 fxe4 19. Qxe6+ Rf7 20. h3 Qf8
21. Rxe4 Bf6 22. Rf4 Re8 23. Qe4 Rxe4 0-1

[Event "Frankfurt Ch A 2017"]
[Site "Ffm-Höchst, BiKuZ"]
[Date "2017.06.12"]
[Round "7.1"]
[White "Poetsch, Hagen"]
[Black "Calvi, Stefan"]
[Result "1-0"]
[WhiteElo "2474"]
[BlackElo "2016"]
[PlyCount "77"]
[EventDate "2017.??.??"]
[WhiteTeam "SF Schöneck"]
[BlackTeam "SF Frankfurt"]

1. e4 c5 2. Nf3 Nc6 3. d4 cxd4 4. Nxd4 Nf6 5. Nc3 e5 6. Ndb5 d6 7. Bg5 a6 8.
Na3 b5 9. Bxf6 gxf6 10. Nd5 Bg7 11. Bd3 Ne7 12. Nxe7 Qxe7 13. O-O O-O 14. c4 f5
15. Qe2 d5 16. cxd5 fxe4 17. d6 Qa7 18. Bxe4 Bb7 19. Rad1 Rad8 20. Nc2 f5 21.
Bxb7 Qxb7 22. Qd3 e4 23. Qd5+ Qxd5 24. Rxd5 Bxb2 25. Rfd1 f4 26. Kf1 Bc3 27. g3
Rd7 28. Rc5 b4 29. Rc7 Rfd8 30. Rxd7 Rxd7 31. gxf4 a5 32. Ne3 Kf7 33. Nc4 Ke6
34. Ke2 a4 35. Nb6 Rd8 36. Nxa4 Rxd6 37. Nc5+ Ke7 38. Rxd6 Kxd6 39. Nxe4+ 1-0

[Event "Frankfurt Ch A 2017"]
[Site "Ffm-Höchst, BiKuZ"]
[Date "2017.06.12"]
[Round "7.2"]
[White "Neininger, Ralph"]
[Black "Milov, Leonid"]
[Result "1/2-1/2"]
[WhiteElo "2101"]
[BlackElo "2391"]
[PlyCount "119"]
[EventDate "2017.??.??"]
[WhiteTeam "Frankfurter TV"]
[BlackTeam "SC Noris-Tarrasch Nürnberg"]

1. d4 Nf6 2. c4 c5 3. d5 b5 4. cxb5 a6 5. b6 e6 6. Nc3 Nxd5 7. Nxd5 exd5 8.
Qxd5 Nc6 9. Nf3 Rb8 10. Ne5 Qf6 11. Nxc6 dxc6 12. Qe4+ Be7 13. g3 Rxb6 14. Bg2
Be6 15. O-O O-O 16. Bf4 Bd5 17. Qe3 g5 18. Bc7 Rb5 19. b3 Rc8 20. Be5 Qe6 21.
Rac1 Re8 22. Rfd1 h6 23. Ba1 Qxe3 24. fxe3 Bxg2 25. Kxg2 Bf8 26. Kf3 h5 27. h3
c4 28. g4 cxb3 29. axb3 hxg4+ 30. hxg4 Rxb3 31. Rd3 Rb6 32. Bf6 Be7 33. Bxe7
Rxe7 34. Rc5 f6 35. Rd6 Kf7 36. Rcxc6 Rxc6 37. Rxc6 Ra7 38. Rc4 a5 39. Ra4 Ke6
40. e4 Kd6 41. Ke3 Kc5 42. e5 fxe5 43. Ke4 Kb5 44. Ra1 a4 45. Kxe5 Rf7 46. e4
Rf4 47. Kd5 Rxg4 48. Rb1+ Ka5 49. e5 a3 50. e6 Rg2 51. Re1 Rd2+ 52. Kc6 Rd8 53.
Re5+ Kb4 54. Rxg5 a2 55. Rg1 Kb3 56. Ra1 Kb2 57. Rxa2+ Kxa2 58. e7 Re8 59. Kd7
Rxe7+ 60. Kxe7 1/2-1/2

[Event "Frankfurt Ch A 2017"]
[Site "Ffm-Höchst, BiKuZ"]
[Date "2017.06.12"]
[Round "7.3"]
[White "Minor, Samuel"]
[Black "Reschke, Thomas"]
[Result "1/2-1/2"]
[WhiteElo "2186"]
[BlackElo "2095"]
[PlyCount "102"]
[EventDate "2017.??.??"]
[WhiteTeam "Wiesbadener SV"]
[BlackTeam "SC Frankfurt-West"]

1. e4 g6 2. d4 Bg7 3. Nc3 c6 4. Nf3 d5 5. h3 Nf6 6. e5 Ne4 7. Nxe4 dxe4 8. Ng5
c5 9. dxc5 Qc7 10. e6 f6 11. Nxe4 Bxe6 12. Bb5+ Nd7 13. Qe2 Bd5 14. O-O O-O-O
15. Nc3 Nxc5 16. b4 Ne4 17. Nxd5 Rxd5 18. c4 f5 19. cxd5 Bxa1 20. Bb2 Bxb2 21.
Qxb2 Qd8 22. Qe5 Nd6 23. Rc1+ Kb8 24. Bd7 Ka8 25. Re1 Ne4 26. Rc1 Nd6 27. Ba4
Rf8 28. Kh1 a6 29. Re1 Rf7 30. Qd4 Qc7 31. f3 f4 32. Qc5 Kb8 33. Rc1 Qxc5 34.
bxc5 Nf5 35. Bb3 Rf6 36. Rc4 Kc7 37. Kg1 g5 38. Re4 b6 39. h4 h6 40. hxg5 hxg5
41. cxb6+ Kxb6 42. Re5 Kc5 43. Bc2 Ne3 44. Be4 g4 45. fxg4 Kd4 46. Rxe7 Nxg4
47. Bf3 Ne5 48. Re6 Rf8 49. Rxa6 Nxf3+ 50. gxf3 Kxd5 51. a4 Rc8 1/2-1/2

[Event "Frankfurt Ch A 2017"]
[Site "Ffm-Höchst, BiKuZ"]
[Date "2017.06.12"]
[Round "7.4"]
[White "Rondonuwu, Grover"]
[Black "Uwira, Oliver"]
[Result "1/2-1/2"]
[WhiteElo "2036"]
[BlackElo "2230"]
[PlyCount "94"]
[EventDate "2017.??.??"]
[WhiteTeam "Frankfurter TV"]
[BlackTeam "SC Nied"]

1. d4 Nf6 2. Nf3 c5 3. g3 cxd4 4. Nxd4 e5 5. Nb3 d5 6. Bg2 Be6 7. O-O a5 8. a4
Be7 9. Nc3 O-O 10. Bg5 Nbd7 11. Nb5 h6 12. Bxf6 Nxf6 13. h3 Qd7 14. Kh2 Rfd8
15. Qe1 Bb4 16. c3 Bf8 17. Nd2 d4 18. Nf3 dxc3 19. Nxe5 Qe7 20. Nxc3 Bxh3 21.
Ng6 fxg6 22. Bxh3 Ne4 23. Bg2 Nxc3 24. bxc3 Rac8 25. Rb1 Rc7 26. Rb5 Qf6 27.
Bxb7 Rxc3 28. Rxa5 Ba3 29. e3 h5 30. Bd5+ Kh7 31. Qe2 Rc5 32. Rxc5 Bxc5 33. e4
Qe5 34. Qb5 Qd4 35. Qc4 Qxc4 36. Bxc4 Rd4 37. Bb5 Rxe4 38. a5 Re7 39. a6 g5 40.
Kg2 g4 41. Rc1 Ba7 42. Rc6 g6 43. Bd3 Rg7 44. Be4 Kh6 45. Rd6 Kg5 46. Rd5+ Kh6
47. Rd6 Kg5 1/2-1/2

[Event "Frankfurt Ch A 2017"]
[Site "Ffm-Höchst, BiKuZ"]
[Date "2017.06.12"]
[Round "7.5"]
[White "Hovsepyan, Vardan"]
[Black "Schwenkreis, Thomas"]
[Result "1-0"]
[WhiteElo "2149"]
[BlackElo "2036"]
[PlyCount "69"]
[EventDate "2017.??.??"]
[WhiteTeam "FVS ASP Hoyerswerda"]
[BlackTeam "SV Oberursel"]

1. e4 e5 2. Nf3 d6 3. d4 Nf6 4. Nc3 Nbd7 5. h3 Be7 6. Be3 c6 7. Qd2 O-O 8. g4
b5 9. Bd3 Bb7 10. g5 b4 11. Ne2 exd4 12. Nexd4 Nxe4 13. Bxe4 d5 14. Nxc6 Bxc6
15. Bxd5 Qc7 16. Bxc6 Qxc6 17. O-O-O Nb6 18. Nd4 Qg6 19. h4 Nc4 20. Qd3 Qa6 21.
Kb1 Rfc8 22. Nf5 Bf8 23. Bd4 Qb7 24. h5 Rc6 25. g6 fxg6 26. hxg6 hxg6 27. Qh3
Kf7 28. Nxg7 Bxg7 29. Bxg7 Rd6 30. Qh7 Rxd1+ 31. Rxd1 Qc6 32. Bc3+ Ke8 33. Qg8+
Ke7 34. Qg7+ Ke8 35. Bxb4 1-0

[Event "Frankfurt Ch A 2017"]
[Site "Ffm-Höchst, BiKuZ"]
[Date "2017.06.12"]
[Round "7.6"]
[White "Nehmert, Ulrich"]
[Black "Bischoff, Ulrich"]
[Result "1/2-1/2"]
[WhiteElo "2144"]
[BlackElo "1981"]
[PlyCount "80"]
[EventDate "2017.??.??"]
[WhiteTeam "Wiesbadener SV"]
[BlackTeam "Sfr. Erbach"]

1. d4 d5 2. Bf4 Nf6 3. e3 c5 4. Nc3 a6 5. dxc5 Nc6 6. Nf3 e6 7. Na4 Bxc5 8.
Nxc5 Qa5+ 9. c3 Qxc5 10. Bd3 O-O 11. Ne5 Qe7 12. Bc2 Rd8 13. Qf3 Nd7 14. Qh3
Nf8 15. Qg3 f6 16. Nxc6 bxc6 17. Bc7 Rd7 18. Ba5 Rb7 19. b4 Bd7 20. e4 Be8 21.
O-O Bg6 22. Rfe1 dxe4 23. Bxe4 Bxe4 24. Rxe4 e5 25. Rae1 Ng6 26. Qd3 Qe6 27.
Qc4 Kf7 28. Rd1 Qxc4 29. Rxc4 Rc8 30. Rd6 Ne7 31. f4 Rb5 32. Rd7 Rd5 33. Rxd5
Nxd5 34. fxe5 fxe5 35. Rc5 Ke6 36. c4 Ne7 37. Bb6 Rb8 38. Bc7 Rxb4 39. Bxe5 g6
40. Bg7 Ra4 1/2-1/2

[Event "Frankfurt Ch A 2017"]
[Site "Ffm-Höchst, BiKuZ"]
[Date "2017.06.12"]
[Round "7.7"]
[White "Gräbner, Walter"]
[Black "Prenzler, Daniel"]
[Result "1/2-1/2"]
[WhiteElo "1944"]
[BlackElo "2253"]
[PlyCount "52"]
[EventDate "2017.??.??"]
[WhiteTeam "SC Nied"]
[BlackTeam "SC Nied"]

1. d4 Nf6 2. Nf3 c5 3. c3 e6 4. Bf4 Nc6 5. e3 d5 6. Bd3 Bd6 7. Bxd6 Qxd6 8. O-O
O-O 9. Nbd2 e5 10. dxe5 Nxe5 11. Nxe5 Qxe5 12. h3 b6 13. Re1 Bb7 14. Qc2 Rfe8
15. a4 a5 16. b4 Bc6 17. bxc5 bxc5 18. Reb1 c4 19. Be2 Bd7 20. Nf3 Qe4 21. Qb2
Bf5 22. Nd4 Bg6 23. Qb7 Qe5 24. Rb5 Rab8 25. Qa6 Ra8 26. Qb7 Rab8 1/2-1/2

[Event "Frankfurt Ch A 2017"]
[Site "Ffm-Höchst, BiKuZ"]
[Date "2017.06.12"]
[Round "7.8"]
[White "Egenolf, Dirk"]
[Black "Kaliski, Erwin"]
[Result "1/2-1/2"]
[WhiteElo "1939"]
[BlackElo "2129"]
[PlyCount "75"]
[EventDate "2017.??.??"]
[WhiteTeam "SK Niederbrechen"]
[BlackTeam "SC Bad Nauheim"]

1. e4 e6 2. d3 d5 3. Nd2 Nf6 4. Ngf3 c5 5. g3 Nc6 6. Bg2 Be7 7. O-O O-O 8. Re1
dxe4 9. dxe4 e5 10. c3 Bg4 11. h3 Bh5 12. Qc2 Qd7 13. Kh2 Rfd8 14. Nc4 Bxf3 15.
Bxf3 Qd3 16. Qxd3 Rxd3 17. Be2 Rd7 18. f3 h6 19. a4 Rad8 20. Be3 Kf8 21. Rad1
Ke8 22. Rxd7 Rxd7 23. Rd1 b6 24. Rxd7 Kxd7 25. Kg2 Ne8 26. f4 exf4 27. gxf4 g5
28. Bg4+ Kc7 29. Kf3 Nd6 30. Nd2 gxf4 31. Bxf4 Bg5 32. Bxd6+ Kxd6 33. Nc4+ Kc7
34. Ke2 a6 35. Kd1 b5 36. axb5 axb5 37. Na3 b4 38. Nc4 1/2-1/2

[Event "Frankfurt Ch A 2017"]
[Site "Ffm-Höchst, BiKuZ"]
[Date "2017.06.12"]
[Round "7.9"]
[White "Chandler, Patrick"]
[Black "Krüger, Till"]
[Result "1-0"]
[WhiteElo "2121"]
[BlackElo "1935"]
[PlyCount "113"]
[EventDate "2017.??.??"]
[WhiteTeam "SC Nied"]
[BlackTeam "SC Nidderau"]

1. d4 d6 2. e4 Nf6 3. Nc3 e5 4. Nf3 exd4 5. Nxd4 Be7 6. Be2 O-O 7. O-O Re8 8.
f4 c6 9. Bf3 Bf8 10. Kh1 Nbd7 11. Nb3 Qc7 12. g4 b5 13. g5 b4 14. gxf6 bxc3 15.
fxg7 Bxg7 16. Rg1 Kh8 17. bxc3 Bxc3 18. Rb1 Bb7 19. Nd4 Nc5 20. Ne2 Bf6 21. Ng3
Bc3 22. Be3 Qe7 23. Bd4+ Bxd4 24. Qxd4+ f6 25. Nf5 Qe6 26. Qxd6 Qxd6 27. Nxd6
Re7 28. Bh5 Rf8 29. Bg4 Nxe4 30. Nxe4 f5 31. Nc5 fxg4 32. Rxb7 Rxb7 33. Nxb7
Rxf4 34. Rd1 Rf2 35. Rc1 Kg7 36. Na5 c5 37. Kg1 Re2 38. Nb3 c4 39. Nd4 Rd2 40.
Nf5+ Kf6 41. Ne3 c3 42. Rd1 Re2 43. Rd3 h5 44. Rxc3 Ke5 45. Nf1 Kd4 46. Rc7 a5
47. Ng3 Re5 48. Kf2 h4 49. Ne2+ Kd5 50. Rg7 g3+ 51. hxg3 hxg3+ 52. Rxg3 Kc4 53.
Rg4+ Kb5 54. a4+ Kc5 55. Nc1 Re6 56. Nb3+ Kb6 57. c4 1-0

[Event "Frankfurt Ch A 2017"]
[Site "Ffm-Höchst, BiKuZ"]
[Date "2017.06.12"]
[Round "7.11"]
[White "Medvedovski, Michael"]
[Black "Moldenhauer, Jürgen"]
[Result "1-0"]
[WhiteElo "2029"]
[BlackElo "1939"]
[PlyCount "101"]
[EventDate "2017.??.??"]
[WhiteTeam "Frankfurter TV"]
[BlackTeam "SK Weinheim"]

1. e4 c5 2. Nf3 d6 3. d4 cxd4 4. Nxd4 Nf6 5. Nc3 a6 6. Be2 e6 7. f4 Qc7 8. O-O
Be7 9. Qe1 O-O 10. Kh1 b5 11. Bf3 Bb7 12. e5 Ne8 13. Bxb7 Qxb7 14. f5 dxe5 15.
Qxe5 Bf6 16. Qe3 Qa7 17. fxe6 Qxd4 18. exf7+ Rxf7 19. Qxe8+ Rf8 20. Qe6+ Kh8
21. Be3 Qd7 22. Qd5 Qxd5 23. Nxd5 Nd7 24. Nxf6 Nxf6 25. Bd4 Rac8 26. c3 Kg8 27.
Kg1 Rc6 28. Rae1 Kf7 29. Re5 Rd8 30. g4 h6 31. h4 Kg6 32. Re7 Rg8 33. Bxf6 gxf6
34. Rf5 Rg7 35. Rxg7+ Kxg7 36. Kf2 Kg6 37. Rf4 Rd6 38. Ke2 Rd5 39. b3 Kf7 40.
Rf5 Rd6 41. g5 hxg5 42. hxg5 Kg6 43. Rxf6+ Rxf6 44. gxf6 Kxf6 45. Kd3 Ke6 46.
Kd4 Kd6 47. c4 bxc4 48. bxc4 Kc6 49. c5 a5 50. Kc4 a4 51. a3 1-0

[Event "Frankfurt Ch A 2017"]
[Site "Ffm-Höchst, BiKuZ"]
[Date "2017.06.12"]
[Round "7.12"]
[White "Zweschper, Erich"]
[Black "Rau, Christian"]
[Result "1-0"]
[WhiteElo "2016"]
[BlackElo "1878"]
[PlyCount "119"]
[EventDate "2017.??.??"]
[WhiteTeam "SVG Eppstein"]
[BlackTeam "SV Rüsselsheim"]

1. d4 Nf6 2. c4 d6 3. Nf3 Bf5 4. Qb3 Qc8 5. Nc3 Nbd7 6. Nh4 Bg6 7. Nxg6 hxg6 8.
e4 e5 9. d5 Be7 10. Be2 a5 11. Be3 a4 12. Qc2 a3 13. b3 c6 14. Rc1 Bd8 15. dxc6
bxc6 16. c5 Nxc5 17. Bxc5 dxc5 18. O-O c4 19. bxc4 Bb6 20. Qd3 Bd4 21. Nd1 Qa6
22. Ne3 Rd8 23. Rcd1 Ke7 24. h3 Rh4 25. Bf3 Nd7 26. Nc2 Nc5 27. Qd2 Ne6 28. Bg4
Bc5 29. Qc3 Nd4 30. Qg3 Rxg4 31. Qxe5+ Ne6 32. hxg4 Bd6 33. Qc3 Nf4 34. Rfe1
Qc8 35. f3 Bc5+ 36. Kf1 Rxd1 37. Rxd1 f6 38. Qa5 Bd6 39. c5 Bc7 40. Qxa3 Qh8
41. Qe3 Qa8 42. Nb4 Qa4 43. Rb1 g5 44. g3 Ne6 45. Kg2 Be5 46. Qb3 Qxb3 47. Rxb3
Nxc5 48. Ra3 Kd6 49. Ra7 Bc3 50. Nc2 Ne6 51. Ra3 Be5 52. Ne3 Kc5 53. Rb3 Kd4
54. Nf5+ Kc4 55. Rb7 g6 56. Ne7 Nc5 57. Ra7 Kb5 58. a4+ Nxa4 59. Nxc6 Kxc6 60.
Rxa4 1-0

[Event "Frankfurt Ch A 2017"]
[Site "Ffm-Höchst, BiKuZ"]
[Date "2017.06.12"]
[Round "7.14"]
[White "Teschler, Ulrich"]
[Black "Winand, Edgar"]
[Result "0-1"]
[WhiteElo "1973"]
[BlackElo "1872"]
[PlyCount "84"]
[EventDate "2017.??.??"]
[WhiteTeam "SV Fechenheim"]
[BlackTeam "SC Flörsheim"]

1. d4 d6 2. c4 g6 3. Nc3 Bg7 4. e4 Nc6 5. Be3 e5 6. d5 Nce7 7. g4 h5 8. gxh5
Rxh5 9. Be2 Rh8 10. Qb3 b6 11. O-O-O f5 12. f3 Nf6 13. h4 f4 14. Bf2 Rh5 15.
Nh3 Bxh3 16. Rxh3 Kf7 17. Rg1 Qd7 18. Rh2 Rah8 19. Bf1 Ne8 20. Bh3 Qd8 21. Bg4
R5h6 22. Qa4 a5 23. a3 Bf6 24. Rgh1 Ng7 25. b4 axb4 26. axb4 Nh5 27. Ne2 Qa8
28. Qb3 Qb7 29. Kb2 Ra8 30. Ra1 Rhh8 31. Rxa8 Rxa8 32. Rg2 Qa7 33. Nc3 Qa1+ 34.
Kc2 Qf1 35. Be6+ Kg7 36. Bh3 Qh1 37. Rg4 Qxh3 38. Nd1 Qf1 39. Kd2 Ra1 40. Be1
Ng3 41. Bxg3 fxg3 42. Ne3 Qc1+ 0-1

[Event "Frankfurt Ch A 2017"]
[Site "Ffm-Höchst, BiKuZ"]
[Date "2017.06.12"]
[Round "7.15"]
[White "Ottenburg, Ralph"]
[Black "Koch, Markus"]
[Result "1/2-1/2"]
[WhiteElo "1833"]
[BlackElo "2066"]
[PlyCount "30"]
[EventDate "2017.??.??"]
[WhiteTeam "SF Frankfurt"]
[BlackTeam "SC Brett vorm Kopp"]

1. d4 d5 2. Nf3 Nf6 3. g3 c6 4. Bg2 Nbd7 5. O-O e6 6. b3 Be7 7. Bb2 O-O 8. c4
b6 9. Nc3 Ba6 10. Nd2 Rc8 11. e4 c5 12. exd5 cxd4 13. dxe6 fxe6 14. Nb5 Bxb5
15. cxb5 e5 1/2-1/2

[Event "Frankfurt Ch A 2017"]
[Site "Ffm-Höchst, BiKuZ"]
[Date "2017.06.12"]
[Round "7.17"]
[White "Rolf, Marco"]
[Black "Fröhlich-Dill, Astrid"]
[Result "1-0"]
[WhiteElo "2038"]
[BlackElo "1810"]
[PlyCount "83"]
[EventDate "2017.??.??"]
[WhiteTeam "SK Bad Homburg"]
[BlackTeam "SV Hofheim"]

1. d4 Nf6 2. Nf3 e6 3. Bf4 d5 4. e3 Be7 5. c4 Nh5 6. Bg3 c6 7. Nc3 Nd7 8. Qc2
g6 9. cxd5 exd5 10. Bd3 Nxg3 11. hxg3 Bf6 12. O-O O-O 13. b4 Bg7 14. b5 Nf6 15.
bxc6 bxc6 16. Na4 Qd6 17. Rfc1 Bd7 18. Ne5 Rfc8 19. Rab1 Rab8 20. Nc5 Rxb1 21.
Rxb1 Be8 22. Rb7 Rc7 23. Qb2 Rxb7 24. Qxb7 Ne4 25. Qc8 Nxc5 26. Qxe8+ Qf8 27.
Qxc6 Bxe5 28. dxc5 Qd8 29. f4 Bc7 30. Qb7 d4 31. e4 g5 32. e5 gxf4 33. Qe4 fxg3
34. Qxh7+ Kf8 35. Bc4 Qe8 36. Qh8+ Ke7 37. Qf6+ Kf8 38. e6 Be5 39. Qxe5 Qa4 40.
e7+ Ke8 41. Qd6 Qa5 42. Bb5+ 1-0

[Event "Frankfurt Ch A 2017"]
[Site "Ffm-Höchst, BiKuZ"]
[Date "2017.06.12"]
[Round "7.18"]
[White "Makilla, Tobias"]
[Black "Nagelsdiek, Ralf"]
[Result "0-1"]
[WhiteElo "1791"]
[BlackElo "2003"]
[PlyCount "100"]
[EventDate "2017.??.??"]
[WhiteTeam "SC Hattersheim"]
[BlackTeam "SC Bad Soden"]

1. e4 c5 2. Nf3 d6 3. Bb5+ Bd7 4. Bxd7+ Qxd7 5. O-O Nc6 6. c3 Nf6 7. Re1 g6 8.
d4 cxd4 9. cxd4 Bg7 10. Nc3 O-O 11. e5 dxe5 12. dxe5 Qxd1 13. Rxd1 Ng4 14. e6
fxe6 15. h3 Nge5 16. Ng5 Rfd8 17. Nxe6 Rxd1+ 18. Nxd1 Bh8 19. Bd2 Nc4 20. Bc3
Bxc3 21. Nxc3 h6 22. b3 Nd6 23. Re1 Kf7 24. Nd5 Rg8 25. b4 g5 26. a3 g4 27. h4
a5 28. Nec7 axb4 29. axb4 Nf5 30. Re6 Ncd4 31. Rb6 Nd6 32. Nc3 Rg6 33. Kf1 Rf6
34. Na4 Ne4 35. Rxf6+ exf6 36. Nd5 f5 37. Nac3 Nxc3 38. Nxc3 Ke6 39. Ne2 Kd5
40. Nxd4 Kxd4 41. Ke2 b5 42. g3 Kc4 43. Ke3 Kxb4 44. Kf4 Kc4 45. Kxf5 b4 46.
Kxg4 b3 47. Kh5 b2 48. Kxh6 b1=Q 49. f4 Qf5 50. Kg7 Kd5 0-1

[Event "Frankfurt Ch A 2017"]
[Site "Ffm-Höchst, BiKuZ"]
[Date "2017.06.12"]
[Round "7.19"]
[White "Fucik, Timo"]
[Black "Wolff, Juergen"]
[Result "1-0"]
[WhiteElo "2003"]
[BlackElo "1752"]
[PlyCount "63"]
[EventDate "2017.??.??"]
[WhiteTeam "SK Ettlingen"]
[BlackTeam "SC Somborn"]

1. d4 d5 2. c4 c6 3. e3 Nf6 4. Nf3 Bg4 5. Nc3 e6 6. Bd3 Nbd7 7. h3 Bxf3 8. Qxf3
Bd6 9. O-O O-O 10. e4 dxe4 11. Nxe4 Nxe4 12. Bxe4 h6 13. Re1 Nf6 14. Bc2 Rc8
15. Be3 Be7 16. Rad1 Qa5 17. a3 a6 18. Bf4 Qd8 19. Qg3 Kh8 20. Be5 Rg8 21. Qd3
g6 22. h4 Bf8 23. h5 Kh7 24. hxg6+ fxg6 25. Qh3 Qe7 26. Bxf6 Qxf6 27. Rxe6 Qd8
28. d5 cxd5 29. Rxd5 Qxd5 30. Bxg6+ Rxg6 31. cxd5 Rg5 32. Rxh6+ 1-0

[Event "Frankfurt Ch A 2017"]
[Site "Ffm-Höchst, BiKuZ"]
[Date "2017.06.12"]
[Round "7.20"]
[White "Bergmann, Michael"]
[Black "Kuhn, Gerhard"]
[Result "0-1"]
[WhiteElo "1666"]
[BlackElo "1962"]
[PlyCount "60"]
[EventDate "2017.??.??"]
[WhiteTeam "SF Frankfurt"]
[BlackTeam "SK Marburg"]

1. e4 c6 2. d4 d5 3. e5 c5 4. c3 Nc6 5. Nf3 e6 6. Bd3 Qb6 7. Bc2 Bd7 8. O-O
Nge7 9. a4 cxd4 10. cxd4 Rc8 11. Nc3 Nb4 12. a5 Qa6 13. Ba4 Bxa4 14. Qxa4+ Nec6
15. Bd2 Be7 16. Na2 b5 17. Qb3 Nxa2 18. Rxa2 O-O 19. Rc1 Rc7 20. Qd1 Rfc8 21.
Qe1 b4 22. b3 Qd3 23. Rac2 Qxb3 24. Qf1 Qa4 25. Qa6 h6 26. h3 b3 27. Rb2 Ba3
28. Ra1 Nb4 29. Qd6 Na2 30. Raxa2 bxa2 0-1

[Event "Frankfurt Ch A 2017"]
[Site "Ffm-Höchst, BiKuZ"]
[Date "2017.06.12"]
[Round "7.21"]
[White "Budde, Michael"]
[Black "Varma, Christopher"]
[Result "1-0"]
[WhiteElo "1917"]
[BlackElo "1783"]
[PlyCount "73"]
[EventDate "2017.??.??"]
[WhiteTeam "SC Flörsheim"]
[BlackTeam "SC Bad Nauheim"]

1. d4 Nf6 2. Bg5 e6 3. e4 c5 4. e5 h6 5. Bh4 g5 6. exf6 gxh4 7. Qf3 Qb6 8. Qc3
Nc6 9. d5 Nd4 10. Bc4 exd5 11. Bxd5 Qxf6 12. Qe3+ Be7 13. Na3 O-O 14. O-O-O d6
15. Nf3 Nf5 16. Qe4 Be6 17. g4 Ng7 18. Rhg1 Bxd5 19. Rxd5 Qe6 20. Qd3 Qg6 21.
Qd2 Qe4 22. g5 h5 23. Rd3 Rfe8 24. Nb5 Ne6 25. g6 a6 26. Nc7 Nxc7 27. Qh6 fxg6
28. Rxg6+ Qxg6 29. Qxg6+ Kf8 30. Qf5+ Kg7 31. Qxh5 Ne6 32. Qg4+ Kf7 33. Rd5 Ng7
34. Qd7 Rad8 35. Ng5+ Kg6 36. Qg4 Bxg5+ 37. Rxg5+ 1-0

[Event "Frankfurt Ch A 2017"]
[Site "Ffm-Höchst, BiKuZ"]
[Date "2017.06.12"]
[Round "7.25"]
[White "Vega Lopez de Nava, Cesar Octavi"]
[Black "Hinz, André"]
[Result "1-0"]
[WhiteElo "1859"]
[BlackElo "1729"]
[PlyCount "49"]
[EventDate "2017.??.??"]
[WhiteTeam "SV Rüsselsheim"]
[BlackTeam "SC Brett vorm Kopp"]

1. e4 Nc6 2. Nf3 d6 3. d4 Nf6 4. Nc3 g6 5. Be2 Bg7 6. Bg5 h6 7. Be3 O-O 8. h3
Re8 9. Qd2 Kh7 10. d5 Nb8 11. Nh2 c5 12. O-O-O Qa5 13. Ng4 Nxe4 14. Nxe4 Qxa2
15. c3 Qa1+ 16. Kc2 Qa4+ 17. Kb1 f5 18. Ng3 fxg4 19. hxg4 Bxg4 20. f3 Bh5 21.
Nxh5 gxh5 22. Bxh6 Bxc3 23. Bd3+ Kg8 24. Qg5+ Kh8 25. Qg6 1-0

[Event "Frankfurt Ch A 2017"]
[Site "Ffm-Höchst, BiKuZ"]
[Date "2017.06.12"]
[Round "7.26"]
[White "Hambel, Christoph"]
[Black "Grossjohann, Daniel"]
[Result "1/2-1/2"]
[WhiteElo "1637"]
[BlackElo "1852"]
[PlyCount "85"]
[EventDate "2017.??.??"]
[WhiteTeam "Bad Vilbeler Sfr"]
[BlackTeam "SC Bad Soden"]

1. c4 Nf6 2. Nc3 e5 3. g3 c6 4. Bg2 Be7 5. e4 O-O 6. d3 d6 7. Nge2 Na6 8. O-O
Ne8 9. Be3 f5 10. d4 Be6 11. d5 Bd7 12. exf5 c5 13. f4 Rxf5 14. a3 exf4 15.
Nxf4 Bg5 16. Qd3 Bxf4 17. Bxf4 Rf7 18. Ne4 Bf5 19. Rae1 Bg6 20. Qd2 Nac7 21.
Ng5 Re7 22. Ne6 Nxe6 23. dxe6 Qc7 24. Bg5 Nf6 25. Rxf6 gxf6 26. Bxf6 Rf8 27.
Qg5 Rfe8 28. h4 Rxe6 29. Bd5 Qf7 30. Rxe6 Rxe6 31. Bc3 Kf8 32. Bxe6 Qxe6 33. h5
Bd3 34. Qf4+ Ke8 35. Qf3 Bxc4 36. Qxb7 Qe3+ 37. Kg2 Qe2+ 38. Kg1 Qd1+ 39. Kh2
Qxh5+ 40. Kg1 Qd1+ 41. Kh2 Qe2+ 42. Kg1 Qe7 43. Qa8+ 1/2-1/2

[Event "Frankfurt Ch A 2017"]
[Site "Ffm-Höchst, BiKuZ"]
[Date "2017.06.12"]
[Round "7.27"]
[White "Schmitt, Roland"]
[Black "Moritz, Dennis"]
[Result "0-1"]
[WhiteElo "1848"]
[BlackElo "1526"]
[PlyCount "72"]
[EventDate "2017.??.??"]
[WhiteTeam "SK Großsachsen"]
[BlackTeam "SK Hungen"]

1. e4 e6 2. d4 c5 3. c4 cxd4 4. Nf3 Bb4+ 5. Bd2 Bxd2+ 6. Qxd2 Ne7 7. Nxd4 O-O
8. Bd3 Nbc6 9. Nc2 d5 10. cxd5 exd5 11. Nc3 dxe4 12. Nxe4 Ne5 13. Be2 Bf5 14.
Qe3 Qd5 15. f3 N7c6 16. O-O Rad8 17. Rfd1 Qa5 18. b4 Rxd1+ 19. Rxd1 Qxa2 20.
Qc3 Bxe4 21. fxe4 Nxb4 22. Nxb4 Qxe2 23. Re1 Qb5 24. Nd5 Nc6 25. Re3 Qa5 26.
Nf6+ Kh8 27. Rh3 h6 28. Qc1 g5 29. Nd7 Re8 30. e5 Kg7 31. Qf1 Re6 32. Rf3 Nxe5
33. Rf5 Qd5 34. Nf6 Qd4+ 35. Kh1 Qd3 36. Nh5+ Kh8 0-1

[Event "Frankfurt Ch A 2017"]
[Site "Ffm-Höchst, BiKuZ"]
[Date "2017.06.12"]
[Round "7.28"]
[White "Bratmann, Marc"]
[Black "Göbel, Andreas"]
[Result "1/2-1/2"]
[WhiteElo "1686"]
[BlackElo "1845"]
[PlyCount "49"]
[EventDate "2017.??.??"]
[WhiteTeam "TuS Dotzheim"]
[BlackTeam "SC Brett vorm Kopp"]

1. d4 Nf6 2. Nc3 d5 3. Bg5 c6 4. Qd3 Nbd7 5. Nf3 e6 6. O-O-O Qa5 7. a3 b5 8.
Nd2 b4 9. Nb3 Qc7 10. axb4 Bxb4 11. f3 a5 12. Na4 h6 13. Bxf6 Nxf6 14. Nbc5 O-O
15. g4 Bxc5 16. Nxc5 Qb6 17. h4 Nd7 18. Nxd7 Bxd7 19. h5 Rfb8 20. Qa3 Qb4 21.
Rd3 Qe1+ 22. Rd1 Qb4 23. Rd3 a4 24. f4 Qe1+ 25. Rd1 1/2-1/2

[Event "Frankfurt Ch A 2017"]
[Site "Ffm-Höchst, BiKuZ"]
[Date "2017.06.12"]
[Round "7.29"]
[White "Wagner, Günter"]
[Black "Kretner, Georg-Ulrich"]
[Result "0-1"]
[WhiteElo "1666"]
[BlackElo "1816"]
[PlyCount "82"]
[EventDate "2017.??.??"]
[WhiteTeam "SV Groß-Gerau"]
[BlackTeam "SC Bad Nauheim"]

1. Nf3 g6 2. g3 Bg7 3. Bg2 Nf6 4. c4 O-O 5. d4 d6 6. O-O Nbd7 7. Nc3 e5 8. Bg5
h6 9. Bd2 c6 10. e4 exd4 11. Nxd4 Nc5 12. Qc2 a5 13. Rad1 Re8 14. Bf4 Bf8 15.
b3 Nh5 16. Bc1 Bg4 17. f3 Bd7 18. f4 Bg4 19. Nf3 Qc8 20. Rde1 Bg7 21. e5 Bf5
22. Qd1 Nd3 23. Re3 Nxc1 24. Qxc1 dxe5 25. Nxe5 Bh3 26. Na4 Bxg2 27. Kxg2 Qc7
28. Rfe1 Nf6 29. Qc2 Red8 30. Nc5 Bf8 31. Ne4 Nxe4 32. Rxe4 Rd6 33. Nf3 Rad8
34. R1e2 Qd7 35. Qc3 b6 36. Ne5 Qf5 37. Qf3 h5 38. h3 Rd1 39. g4 hxg4 40. hxg4
Qf6 41. g5 Qh8 0-1